Slovensko-anglický ekonomický slovník

Guardado en:
Detalles Bibliográficos
Autor principal: Caforio, Aliberto
Otros Autores: Galata, Jozef, 1942- (Revisador)
Formato: Libro
Lenguaje:eslovaco
Publicado: Bratislava Tronet 1994
Edición:1. vyd.
Materias:
Acceso en línea:Ver en el OPAC
Etiquetas: Agregar Etiqueta
Sin Etiquetas, Sea el primero en etiquetar este registro!

MARC

LEADER 00000cam a2200000 a 4500
005 20260127134026.0
008 171129s1994 xo g d 00 slo
015 |a SNBA1995/02 
020 |a 8090052711  |q (brož.) 
035 |a vtls001077664 
035 |a SNK000020498 
039 9 |a 201711291503  |b VLOAD  |c 201604141711  |d VLOAD  |c 201306061521  |d VLOAD  |c 201305301715  |d VLOAD  |y 200412240445  |z VLOAD 
040 |a SNK  |b slo  |c SNK  |d STUSCHK1  |d SNSLP  |e AACR2 
041 0 |a slo 
044 |a xo  |c SK 
080 |a 33(038)=854=20  |2 1. stred. slo 
100 1 |a Caforio, Aliberto  |9 402 
245 1 |a Slovensko-anglický ekonomický slovník  |c Aliberto Caforio ; [recenzent: Jozef Galata] 
250 |a 1. vyd. 
260 |a Bratislava  |b Tronet  |c 1994  |e Bratislava  |f LUKAPRESS 
300 |a 282 s.  |c 20 cm 
500 |a Sadzba: František Blažíček, Patrik Dulík 
650 0 7 |a ekonómia  |2 SNKPH 
650 0 7 |a angličtina  |2 SNKPH 
655 7 |a prekladové slovníky  |2 SNKPH 
655 7 |a terminologické slovníky  |2 SNKPH 
700 1 |a Galata, Jozef,  |d 1942-  |4 rev  |9 935 
910 |a SCHK95 
910 |a snslp 
919 |a 80-900527-1-1 
954 |a ekonomika  |a slovníky terminologické  |x slovensko-anglické 
958 |a ASJ 
958 |a TL 
999 |c 2329  |d 2329 
942 0 0 |0 1